[Event "Dortmund Sparkassen op-A"]
[Site "Dortmund"]
[Date "2015.07.01"]
[Round "5"]
[White "Beutelhoff, Josef"]
[Black "Roos, Adrian"]
[Result "0-1"]
[WhiteElo "2140"]
[BlackElo "2267"]
[PlyCount "27"]
[EventDate "2015.06.27"]
[EventType "swiss"]
[EventRounds "9"]
[EventCountry "GER"]
[SourceTitle "CBM 167 Extra"]
[Source "ChessBase"]
[SourceDate "2015.09.14"]
[SourceVersion "1"]
[SourceVersionDate "2015.09.14"]
[SourceQuality "1"]

1. d4 Nf6 2. Nf3 e6 3. g3 c5 4. c3 b6 5. Bg2 Bb7 6. 0-0 Be7 7. Nbd2 0-0 8. Re1 d5 9. b3 Nc6 10. e3 Bd6 11. Bb2 Re8 12. c4 Rc8 13. Ne5 cxd4 14. exd4 0-1

[Event "Muensterland Regionalliga 1415"]
[Site "Germany"]
[Date "2015.04.25"]
[Round "8.3"]
[White "Liesmann, Karsten"]
[Black "Beutelhoff, Josef"]
[Result "1/2-1/2"]
[WhiteElo "1995"]
[BlackElo "2085"]
[PlyCount "26"]
[EventDate "2014.09.20"]
[EventType "team-tourn"]
[EventRounds "9"]
[EventCountry "GER"]
[SourceTitle "EXT 2016"]
[Source "ChessBase"]
[SourceDate "2015.10.08"]
[SourceVersion "1"]
[SourceVersionDate "2015.10.08"]
[SourceQuality "1"]
[WhiteTeam "Bocholt"]
[BlackTeam "Olfen"]
[WhiteTeamCountry "GER"]
[BlackTeamCountry "GER"]

1. d4 Nf6 2. Nf3 g6 3. Nc3 d5 4. Bf4 Bg7 5. e3 c6 6. Be2 Nbd7 7. Ne5 Qb6 8. a3 Ne4 9. Nxe4 Nxe5 10. Bxe5 Bxe5 11. dxe5 dxe4 12. Qd4 Qxd4 13. exd4 Be6 1/2-1/2

[Event "GER-chA Seniors 26th"]
[Site "Bad Neuenahr"]
[Date "2014.08.13"]
[Round "9"]
[White "Kluger, Hans Peter"]
[Black "Beutelhoff, Josef"]
[Result "0-1"]
[WhiteElo "1960"]
[BlackElo "2079"]
[PlyCount "48"]
[EventDate "2014.08.05"]
[EventType "swiss"]
[EventRounds "9"]
[EventCountry "GER"]
[SourceTitle "EXT 2018"]
[Source "ChessBase"]
[SourceDate "2017.10.13"]
[SourceVersion "1"]
[SourceVersionDate "2017.10.13"]
[SourceQuality "1"]

1. d4 Nf6 2. c4 e6 3. a3 b6 4. Nc3 d5 5. Bf4 Bd6 6. Bxd6 Qxd6 7. e3 0-0 8. Nf3 Bb7 9. Rc1 a6 10. Qa4 Nbd7 11. Be2 c5 12. 0-0 cxd4 13. Nxd4 dxc4 14. Qxc4 Ne5 15. Qb3 Neg4 16. g3 Rab8 17. h3 Nxe3 18. Nf3 Nxf1 19. Rxf1 Rfd8 20. Ne1 e5 21. Qc2 Rbc8 22. Qf5 e4 23. g4 Rc5 24. Nxe4 Bxe4 0-1

[Event "GER-chA Seniors 26th"]
[Site "Bad Neuenahr"]
[Date "2014.08.07"]
[Round "3"]
[White "Zimmermann, Manfred"]
[Black "Beutelhoff, Josef"]
[Result "1/2-1/2"]
[WhiteElo "1925"]
[BlackElo "2079"]
[PlyCount "61"]
[EventDate "2014.08.05"]
[EventType "swiss"]
[EventRounds "9"]
[EventCountry "GER"]
[SourceTitle "EXT 2018"]
[Source "ChessBase"]
[SourceDate "2017.10.13"]
[SourceVersion "1"]
[SourceVersionDate "2017.10.13"]
[SourceQuality "1"]

1. d4 Nf6 2. Nf3 b6 3. e3 Bb7 4. Bd3 c5 5. b3 e6 6. Nbd2 Nc6 7. a3 Be7 8. Bb2 0-0 9. 0-0 d5 10. Ne5 Nd7 11. f4 f5 12. Nxd7 Qxd7 13. Rf3 Bf6 14. c3 Nd8 15. Rh3 g6 16. g4 Bc6 17. g5 Bg7 18. Qe2 Nb7 19. b4 c4 20. Bc2 Ba4 21. Qd1 b5 22. Rg3 a5 23. Bxa4 bxa4 24. h4 Rfc8 25. Rc1 Nd6 26. Kg2 Rcb8 27. Rh3 Nb5 28. Nb1 Nd6 29. Nd2 Nb5 30. Nb1 Nd6 31. Nd2 1/2-1/2

[Event "Muensterland Regionalliga 1314"]
[Site "Germany"]
[Date "2014.04.05"]
[Round "8.3"]
[White "Beutelhoff, Josef"]
[Black "Wewers, Reinhard"]
[Result "1/2-1/2"]
[WhiteElo "2029"]
[BlackElo "2070"]
[PlyCount "47"]
[EventDate "2013.09.07"]
[EventType "team-tourn"]
[EventRounds "9"]
[EventCountry "GER"]
[SourceTitle "EXT 2015"]
[Source "ChessBase"]
[SourceDate "2014.11.20"]
[SourceVersion "1"]
[SourceVersionDate "2014.11.20"]
[SourceQuality "1"]
[WhiteTeam "Olfen"]
[BlackTeam "Duelmen"]
[WhiteTeamCountry "GER"]
[BlackTeamCountry "GER"]

1. d4 Nf6 2. c4 c5 3. Nf3 cxd4 4. Nxd4 e6 5. Nc3 Nc6 6. e4 Bb4 7. Nxc6 bxc6 8. Bd2 Bxc3 9. Bxc3 Nxe4 10. Qg4 Nxc3 11. Qxg7 Rf8 12. Qxc3 Rb8 13. c5 Qh4 14. Bd3 Qb4 15. Qxb4 Rxb4 16. 0-0-0 Rg8 17. g3 Rg5 18. Kb1 Rxc5 19. Bxh7 Rh5 20. Bd3 c5 21. h4 Bb7 22. Rhe1 Bf3 23. Rc1 Rd5 24. a3 1/2-1/2